00996nam a22002537a 450000500170000000800410001702000180005804000130007608200220008910000410011124500680015225000440022026000660026430000360033049000200036650000270038650000240041365000470043765000350048465300250051994200220054499900170056695201590058320141215160957.0141215t2014 xxka frd 001 0 eng d a9781292040530 aEG-ScBUE00222a621.3815bFLO aFloyd, Thomas L. 92335010aElectronic devices :belectron flow version /cThomas L. Floyd. a9th ed.,bPearson new international ed. aHarlow, United Kingdom :bPearson Education Limited,cc.2014. a945 p. :bill. (col.) ;c28 cm.0 aAlways learning aGlossary : p. 925-931. aIndex : p. 933-945. 0aElectronic apparatus and appliances911507 0aSolid state electronics936940 bENGELCcDecember2014 2ddck621.3815 FLO c18783d18755 00102ddc40708BaccahaMAINbMAINc1STd2014-12-15epurchaseg264.00h20677l3m11o621.3815 FLOp000037180r2025-07-15 00:00:00s2025-01-16v330.00yBB